Đồng giao và ca dao cho trẻ: Sưu tầm, n/c tuyển chọn
Khái quát về đồng dao, đồng dao và hệ thống đồng dao, chức năng và tác dụng, nội dung của đồng dao
Đã lưu trong:
| Tác giả chính: | |
|---|---|
| Định dạng: | Sách |
| Năm xuất bản: |
H.
Đại học Quốc gia
2010
|
| Chủ đề: | |
| Tags: |
Thêm thẻ
Không có thẻ, Hãy là người đầu tiên gắn thẻ bản ghi này!
|
| LEADER | 00730nam a2200169 4500 | ||
|---|---|---|---|
| 082 | |a 398.8 |b NG527NGH | ||
| 100 | |a Nguyễn Nghĩa Dân | ||
| 245 | |a Đồng giao và ca dao cho trẻ: Sưu tầm, n/c tuyển chọn |c Nguyễn Nghĩa Dân | ||
| 260 | |a H. |b Đại học Quốc gia |c 2010 | ||
| 300 | |a 541 tr. |c 21 cm | ||
| 520 | |a Khái quát về đồng dao, đồng dao và hệ thống đồng dao, chức năng và tác dụng, nội dung của đồng dao | ||
| 653 | |a Văn học dân gian Việt Nam | ||
| 653 | |a Đồng dao | ||
| 653 | |a Ca dao | ||
| 942 | |2 ddc |c SH | ||
| 999 | |c 7753 |d 7753 | ||
| 952 | |0 0 |1 0 |2 ddc |4 0 |6 398_800000000000000_NG527NGH |7 0 |8 300 |9 68687 |a qbu |b qbu |c D2 |d 2015-03-18 |o 398.8 NG527NGH |p 7798.c1 |r 0000-00-00 |w 2015-03-18 |y SH | ||